[Event "IECG CP.2000.Q.00016"]
[Site "IECG email"]
[Date "2001.10.01"]
[Round "?"]
[White "Bottcher, Fred"]
[Black "Kul, Ivan"]
[Result "0-1"]
[WhiteElo "1382"]
[BlackElo "1935"]
[PlyCount "94"]
[EventDate "2001.10.01"]
[EventType "tourn (corr)"]
[EventRounds "6"]
[SourceTitle "Corr 2008"]
[Source "ChessBase"]
[SourceDate "2008.06.24"]
[SourceVersion "1"]
[SourceVersionDate "2008.06.24"]
[SourceQuality "1"]

1. e4 e5 2. Nf3 Nc6 3. Bb5 a6 4. Ba4 Nf6 5. 0-0 b5 6. Bb3 Bc5 7. a4 Bb7 8. Nc3 0-0 9. d3 b4 10. Nd5 Nxd5 11. Bxd5 d6 12. c3 bxc3 13. bxc3 Na5 14. Bxb7 Nxb7 15. Rb1 Bb6 16. d4 Re8 17. Bg5 Qd7 18. dxe5 Nc5 19. Rb4 dxe5 20. Qxd7 Nxd7 21. Rd1 a5 22. Rc4 Nf8 23. Kf1 f6 24. Bd2 Red8 25. Ke2 Ne6 26. g4 Rab8 27. g5 Kf7 28. gxf6 gxf6 29. Rb1 Bc5 30. Rxb8 Rxb8 31. Be3 Bxe3 32. Kxe3 Ke8 33. Ne1 Kd7 34. Nd3 Kd6 35. f4 c6 36. f5 Nd8 37. Kf3 Nb7 38. h3 Kc7 39. Nc5 Nxc5 40. Rxc5 Kb6 41. Rc4 Rg8 42. Kf2 h5 43. h4 Rg4 44. Kf3 Rxh4 45. Kg3 Rg4+ 46. Kh3 Rg8 47. Kh4 Rh8 0-1

[Event "IECG CP.2001.P.00080"]
[Site "IECG email"]
[Date "2001.10.01"]
[Round "?"]
[White "Bottcher, Fred"]
[Black "Wolff, Christoph"]
[Result "1/2-1/2"]
[WhiteElo "1382"]
[BlackElo "2127"]
[PlyCount "46"]
[EventDate "2001.10.01"]
[EventType "tourn (corr)"]
[EventRounds "6"]
[SourceTitle "Corr 2008"]
[Source "ChessBase"]
[SourceDate "2008.06.24"]
[SourceVersion "1"]
[SourceVersionDate "2008.06.24"]
[SourceQuality "1"]

1. e4 c5 2. Nf3 e6 3. d4 cxd4 4. Nxd4 Nc6 5. Nc3 Qc7 6. Be3 a6 7. Be2 Nf6 8. 0-0 Be7 9. f4 d6 10. Qe1 0-0 11. Qg3 Bd7 12. Kh1 Kh8 13. Nf3 Nb4 14. Ne1 d5 15. a3 Nc6 16. e5 Ne4 17. Nxe4 dxe4 18. c3 f6 19. Nc2 fxe5 20. fxe5 Nxe5 21. Bf4 Bf6 22. Rf2 Qa5 23. Raf1 Nd3 1/2-1/2

[Event "IECG CP.2000.Q.00016"]
[Site "IECG email"]
[Date "2001.10.01"]
[Round "?"]
[White "Bottcher, Fred"]
[Black "Zumsande, Martin"]
[Result "0-1"]
[WhiteElo "1382"]
[BlackElo "2331"]
[PlyCount "80"]
[EventDate "2001.10.01"]
[EventType "tourn (corr)"]
[EventRounds "6"]
[SourceTitle "Corr 2008"]
[Source "ChessBase"]
[SourceDate "2008.06.24"]
[SourceVersion "1"]
[SourceVersionDate "2008.06.24"]
[SourceQuality "1"]

1. e4 e6 2. d4 d5 3. Nd2 Nf6 4. e5 Nfd7 5. Bd3 c5 6. c3 Nc6 7. Ne2 cxd4 8. cxd4 f6 9. exf6 Qxf6 10. Nf3 h6 11. a3 Bd6 12. Bc2 0-0 13. 0-0 Rd8 14. Qd3 Nf8 15. Re1 Bd7 16. Ng3 Be8 17. Qe3 Rac8 18. Bd3 Bg6 19. Bxg6 Qxg6 20. Ne2 Rc7 21. b4 Rf7 22. Bd2 a6 23. Rab1 Nh7 24. a4 Rdf8 25. Kh1 Ne7 26. Rb3 Ng5 27. Nxg5 hxg5 28. f3 g4 29. fxg4 Qxg4 30. h3 Rf1+ 31. Ng1 Qg6 32. Rxf1 Rxf1 33. g4 Qe4+ 34. Qxe4 dxe4 35. Kg2 Ra1 36. Re3 Bf4 37. Re2 Nd5 38. a5 Rd1 39. Be1 Be3 40. Kf1 g5 0-1

[Event "IECG CP.2000.P.00023"]
[Site "IECG email"]
[Date "2000.10.01"]
[Round "?"]
[White "Bottcher, Fred"]
[Black "Geiger, Walter"]
[Result "1/2-1/2"]
[WhiteElo "1176"]
[BlackElo "2165"]
[PlyCount "58"]
[EventDate "2000.10.01"]
[EventType "tourn (corr)"]
[EventRounds "6"]
[EventCountry "USA"]
[SourceTitle "Corr 2008"]
[Source "ChessBase"]
[SourceDate "2008.06.24"]
[SourceVersion "1"]
[SourceVersionDate "2008.06.24"]
[SourceQuality "1"]

1. e4 e5 2. Nf3 Nc6 3. Bb5 a6 4. Ba4 Nf6 5. 0-0 Be7 6. Re1 b5 7. Bb3 0-0 8. c3 d5 9. exd5 Nxd5 10. Nxe5 Nxe5 11. Rxe5 c6 12. d4 Bd6 13. Re1 Qh4 14. g3 Qh3 15. Be3 Bg4 16. Qd3 Rae8 17. Nd2 Re6 18. a4 Qh5 19. axb5 axb5 20. Nf1 Rfe8 21. Bd1 Bf8 22. Bxg4 Qxg4 23. b3 Nf4 24. Qd2 Nh3+ 25. Kg2 Rf6 26. Qd1 Rxf2+ 27. Bxf2 Re2 28. Rxe2 Nf4+ 29. Kg1 Nh3+ 1/2-1/2

[Event "IECG CP.2000.P.00023"]
[Site "IECG email"]
[Date "2000.10.01"]
[Round "?"]
[White "Bottcher, Fred"]
[Black "Stadler, Pavel"]
[Result "1/2-1/2"]
[WhiteElo "1176"]
[BlackElo "1748"]
[PlyCount "58"]
[EventDate "2000.10.01"]
[EventType "tourn (corr)"]
[EventRounds "6"]
[EventCountry "USA"]
[SourceTitle "Corr 2008"]
[Source "ChessBase"]
[SourceDate "2008.06.24"]
[SourceVersion "1"]
[SourceVersionDate "2008.06.24"]
[SourceQuality "1"]

1. e4 d6 2. d4 Nf6 3. Nc3 g6 4. f4 Bg7 5. Nf3 0-0 6. Bd3 Nc6 7. 0-0 Bg4 8. e5 dxe5 9. dxe5 Nd5 10. h3 Nxc3 11. bxc3 Bf5 12. Qe2 Qc8 13. Be3 f6 14. g4 Bxd3 15. cxd3 fxe5 16. fxe5 Nxe5 17. Ng5 Nf7 18. Nxf7 Rxf7 19. Rxf7 Kxf7 20. Bc5 Bf6 21. Rf1 Qe6 22. Qg2 Rd8 23. g5 b6 24. Bf2 Rxd3 25. gxf6 exf6 26. Bd4 f5 27. Rf2 Qd6 28. Rxf5+ gxf5 29. Qg7+ Ke6 1/2-1/2

[Event "IECG CP.2000.P.00023"]
[Site "IECG email"]
[Date "2000.10.01"]
[Round "?"]
[White "Lukin, Vladimir"]
[Black "Bottcher, Fred"]
[Result "0-1"]
[WhiteElo "1940"]
[BlackElo "1176"]
[PlyCount "26"]
[EventDate "2000.10.01"]
[EventType "tourn (corr)"]
[EventRounds "6"]
[EventCountry "USA"]
[SourceTitle "Corr 2008"]
[Source "ChessBase"]
[SourceDate "2008.06.24"]
[SourceVersion "1"]
[SourceVersionDate "2008.06.24"]
[SourceQuality "1"]

1. d4 Nf6 2. c4 g6 3. Nf3 d6 4. g3 Bg7 5. Bg2 0-0 6. 0-0 Nbd7 7. Qc2 e5 8. Rd1 Re8 9. e4 c6 10. Nc3 exd4 11. Nxd4 Qe7 12. Bf4 Ne5 13. b3 Nfd7 0-1